Southville International School and Colleges
Your cart is empty.
  • Cart
  • Lists
    Public lists Eva Luna New books Lux_list list_1
    Your lists Log in to create your own lists
  • Log in to your account
  • Your cookies
  • Search history
Southville International School and Colleges
  • Advanced search
  • Recent comments
  • Most popular
  • Libraries

Log in to your account

Log in with GOOGLE


If you do not have an external account, but do have a local account, you can still log in:

  1. Home
  2. MARC view: The new rules of retail :
Normal view MARC view ISBD view

The new rules of retail : (Record no. 291499)

[ view plain ]
MARC details
000 -LEADER
fixed length control field 02291cam a2200373 i 4500
001 - CONTROL NUMBER
control field 18039392
003 - CONTROL NUMBER IDENTIFIER
control field SISC
005 - DATE AND TIME OF LATEST TRANSACTION
control field 20170228084723.0
008 - FIXED-LENGTH DATA ELEMENTS--GENERAL INFORMATION
fixed length control field 140211s2014 nyu b 001 0 eng
010 ## - LIBRARY OF CONGRESS CONTROL NUMBER
LC control number 2014003487
020 ## - INTERNATIONAL STANDARD BOOK NUMBER
International Standard Book Number 9781137279262 (hardback)
040 ## - CATALOGING SOURCE
Original cataloging agency DLC
Language of cataloging eng
Transcribing agency DLC
Description conventions rda
Modifying agency DLC
042 ## - AUTHENTICATION CODE
Authentication code pcc
050 00 - LIBRARY OF CONGRESS CALL NUMBER
Classification number HF 5429
Item number .L485 2014
082 00 - DEWEY DECIMAL CLASSIFICATION NUMBER
Classification number 658.8/72
084 ## - OTHER CLASSIFICATION NUMBER
Classification number BUS073000
Source of number bisacsh
100 1# - MAIN ENTRY--PERSONAL NAME
Personal name Lewis, Robin,
Dates associated with a name 1940-
245 14 - TITLE STATEMENT
Title The new rules of retail :
Remainder of title competing in the world's toughest marketplace /
Statement of responsibility, etc Robin Lewis and Michael Dart.
250 ## - EDITION STATEMENT
Edition statement 2nd edition.
260 ## - PUBLICATION, DISTRIBUTION, ETC. (IMPRINT)
Place of publication, distribution, etc NY :
Name of publisher, distributor, etc St. Martin's Press,
Date of publication, distribution, etc 2014.
300 ## - PHYSICAL DESCRIPTION
Extent xvii, 250 pages ;
Dimensions 24 cm.
500 ## - GENERAL NOTE
General note Includes bibliographical references and index.
520 ## - SUMMARY, ETC.
Summary, etc "In The New Rules of Retail , industry gurus Robin Lewis and Michael Dart explained how unprecedented consumer power, enabled by technology and globalization, is revolutionizing retail. They warned that survival in these dynamic times called for a business model based on three distinct competencies: preemptive, perpetual distribution; a neurological customer connection; and total control of the value chain. In the years since that book published, many of their predictions have come true. Now, they revisit timeless case studies like Ralph Lauren and Sears, as well as new additions like Trader Joe's, Lululemon, and Warby Parker, to assess how retailers must continue to evolve in the era of e-commerce, data mining, and tiered distribution. They also identify the five current trends that are currently driving consumer demand, including technology integration and channel consolidation, as exemplified by Jeff Bezos at Amazon. This is a fully revised and updated guide from two proven retail prognosticators"--
650 #0 - SUBJECT ADDED ENTRY--TOPICAL TERM
Topical term or geographic name as entry element Retail trade.
650 #0 - SUBJECT ADDED ENTRY--TOPICAL TERM
Topical term or geographic name as entry element Retail trade
General subdivision Management.
650 #0 - SUBJECT ADDED ENTRY--TOPICAL TERM
Topical term or geographic name as entry element Retail trade
General subdivision Technological innovations.
650 #0 - SUBJECT ADDED ENTRY--TOPICAL TERM
Topical term or geographic name as entry element Wholesale trade.
650 #0 - SUBJECT ADDED ENTRY--TOPICAL TERM
Topical term or geographic name as entry element Consumer satisfaction.
650 #7 - SUBJECT ADDED ENTRY--TOPICAL TERM
Topical term or geographic name as entry element BUSINESS & ECONOMICS / Commerce.
Source of heading or term bisacsh
700 1# - ADDED ENTRY--PERSONAL NAME
Personal name Dart, Michael.
906 ## - LOCAL DATA ELEMENT F, LDF (RLIN)
a 7
b cbc
c orignew
d 1
e ecip
f 20
g y-gencatlg
942 ## - ADDED ENTRY ELEMENTS (KOHA)
Source of classification or shelving scheme Library of Congress Classification
Koha item type Books
Holdings
Withdrawn status Lost status Source of classification or shelving scheme Damaged status Home library Current library Shelving location Date acquired Source of acquisition Sub Shelving location Total Checkouts Full call number Barcode Date last seen Price effective from Koha item type
    Library of Congress Classification   College Library College Library Reserve Section 03/09/2016 Library Fund     HF 5429 .L485 2014 C20472 05/15/2018 03/09/2016 Books

The new rules of retail :

APA

Lewis R., Dart M., . (2014). The new rules of retail. NY: St. Martin's Press.

Chicago

Lewis Robin, Dart Michael, . 2014. The new rules of retail. NY: St. Martin's Press.

Harvard

Lewis R., Dart M., . (2014). The new rules of retail. NY: St. Martin's Press.

MLA

Lewis Robin, Dart Michael, . The new rules of retail. NY: St. Martin's Press. 2014.

  • Place hold
  • Print
  • Cite
  • Add to your cart (remove)
  • Save record
    BIBTEX Dublin Core MARCXML MARC (non-Unicode/MARC-8) MARC (Unicode/UTF-8) MARC (Unicode/UTF-8, Standard) MODS (XML) RIS
  • More searches
    Search for this title in:
    Other Libraries (WorldCat) Other Databases (Google Scholar) Online Stores (Bookfinder.com) Open Library (openlibrary.org)

Exporting to Dublin Core...

SOUTHVILLE LIBRARY

Southville International School and Colleges Library

1281 Tropical Ave. Cor. Luxembourg St., BF Homes International, Las Pinas City

Tel. No. 8256374 / 252358 Loc. 117/146

Powered by Koha